000
00327nam a2200133Ia 4500
008
150301s2015 xx 000 0 und d
082
_a
615.4
_b
A12D
100
_a
R. JOHN DYER
245
_a
APPLICATION OF ABSORPTION SPECTROSCOPY
260
_b
PHI LEAMARY(P) LTD
300
_a
147
650
_a
PHARMACEUTICS
942
_2
ddc
_c
BK
999
_c
7150
_d
7150